000 03591nam0a2200469 4500
001 RU\NLR\BIBL_A\012666533
005 20260407115739.0
035 _a(NLR Aleph) 012666533
090 _a12772121
_c12772121
100 _a20210916d1903 |||y0rusy50 ca
101 0 _arus
102 _aRU
105 _ay z 000yy
181 0 _ai
_baxxe
182 0 _an
200 1 _aО смете доходов и расходов Департамента Государственных Земельных Имуществ и Канцелярии Министра Земледелия и Государственных Имуществ на 1904 год
_eсмета, с следующими к ней приложениями, разослана Членам Государственного Совета в печатноых экземплярах
_fГосударственный Совет в Департаменте Государственной Экономии. Министерство Земледелия и Государственных Имуществ. 23 октября 1903 года. № 296
203 _aТекст
_bвизуальный
_cнепосредственный
210 _a[Санкт-Петербург
_cб. и.]
_d1903
215 _a7 с.
_d34
300 _aВ конце текста: Подписали: Граф Сольский, С. Марков 2, Ан. Иващенков [и др.]; Скрепил: За Статс-Секретаря Тимрот
300 _aНа 1-й, 5-й с.: MLII, 10
309 _aБез тит. л. и обл.
601 0 1 _aРоссия
_bМинистерство земледелия и государственных имуществ
_jДокументы и материалы
_92415702
_3RU\NLR\AUTH\6601657893
601 0 1 _aРоссия
_bДепартамент государственных земельных имуществ
_jСметы
_92473525
_3RU\NLR\AUTH\6601685835
686 3 _aУ32(28)-212.113.2,011
686 3 _aУ32(28)-212.11
686 3 _aУ26(28)132.4
702 1 _4720
_8rus
_7ca
_aСольский
_bД. М.
_cгос. деятель
_f1833-1910
_gДмитрий Мартынович
_3RU\NLR\AUTH\7783181
_966109
702 1 _4720
_aМарков
_bС. В.
_cгос. деятель
_f1828-1907
_gСергей Владимирович
_9197570
_3RU\NLR\AUTH\770197621
702 1 _4720
_7ca
_8rus
_aИващенков
_bА. П.
_cгос. деятель, сенатор
_f1842-1906
_gАнатолий Павлович
_9209075
_3RU\NLR\AUTH\770209129
702 1 _4720
_7ca
_8rus
_aТимрот
_bА. Г.
_cгос. деятель
_f1865-1944
_gАлександр Григорьевич
_9256486
_3RU\NLR\AUTH\770256542
710 0 1 _aРоссия
_bДепартамент государственных земельных имуществ
_3RU\NLR\AUTH\889929324
_9354159
711 0 1 _aРоссия
_bМинистерство земледелия и государственных имуществ
_bКанцелярия
_3RU\NLR\AUTH\889943669
_9382542
711 0 1 _aРоссия
_bГосударственный совет
_3RU\NLR\AUTH\889948587
_9392796
711 0 1 _aРоссия
_bМинистерство земледелия и государственных имуществ
_3RU\NLR\AUTH\889941169
_9377192
712 0 1 _4570
_aРоссия
_bДепартамент государственной экономии
_3RU\NLR\AUTH\889933514
_9362122
852 _aNLR
_j135/294-363 (139)
942 _cBOOK
980 _aNB